00365nam a2200145Ia 45000030006000000080041000060400015000471000023000622450039000852500006001242600052001303000006001825460014001880050017002020STCL150530s9999 xx 000 0 und d aSTCLcSTCL aKrishna Chaithanya aPilkkala Latin Sahithya Charithram a1 bSahithya Pravarthaka Co Operative Societyc1966 a0 aMalayalam20220125171751.0